000 00316nam a22001337a 4500
003 SGT
082 _a340,GUP
100 _aGUPTA, JAINTI PRASAD.
245 _aTHE PREVENTION OF FOOD ADULTERATION ACT
260 _aMEERUT
_bTHE HINDUSTAN LAW
_c1970
300 _a272
650 _a ADULTERATION ACT
942 _2ddc
_cBK
999 _c10352
_d10352